Stonewall Jackson and the American civil war (Record no. 553053)
[ view plain ]
| 000 -LEADER | |
|---|---|
| fixed length control field | 00610cam a2200157K 4500 |
| 082 04 - DEWEY DECIMAL CLASSIFICATION NUMBER | |
| Classification number | 973.7 |
| Author Mark | HEN |
| 100 1# - MAIN ENTRY--PERSONAL NAME | |
| Personal name | Henderson, G. F. R. |
| 9 (RLIN) | 46591 |
| 245 10 - TITLE STATEMENT | |
| Title | Stonewall Jackson and the American civil war |
| Statement of responsibility, etc. | by Lieut. Col. G.F.R. Henderson. |
| 260 ## - PUBLICATION, DISTRIBUTION, ETC. | |
| Place of publication, distribution, etc. | London, |
| -- | New York, |
| Name of publisher, distributor, etc. | Longmans, Green and Co., |
| Date of publication, distribution, etc. | 1898. |
| 300 ## - PHYSICAL DESCRIPTION | |
| Extent | 1 online resource (2 v.) |
| Other physical details | port. (incl. front) 33 maps (part fold.) |
| 526 ## - STUDY PROGRAM INFORMATION NOTE | |
| Program name | 0 |
| Interest level | 0 |
| Reading level | 0 |
| Title point value | 973_700000000000000_HEN |
| 650 #0 - SUBJECT ADDED ENTRY--TOPICAL TERM | |
| Topical term or geographic name entry element | Generals |
| Geographic subdivision | Confederate States of America |
| 9 (RLIN) | 50243 |
| 650 #0 - SUBJECT ADDED ENTRY--TOPICAL TERM | |
| Topical term or geographic name entry element | MCE |
| 9 (RLIN) | 379 |
| 856 40 - ELECTRONIC LOCATION AND ACCESS | |
| Uniform Resource Identifier | <a href="http://catalog.hathitrust.org/api/volumes/oclc/3736587.html">http://catalog.hathitrust.org/api/volumes/oclc/3736587.html</a> |
| 942 ## - ADDED ENTRY ELEMENTS (KOHA) | |
| Source of classification or shelving scheme | |
| Koha item type | Book |
| Withdrawn status | Lost status | Source of classification or shelving scheme | Damaged status | Not for loan | Permanent Location | Current Location | Shelving location | Date acquired | Total Checkouts | Full call number | Barcode | Date last seen | Price effective from | Koha item type |
|---|---|---|---|---|---|---|---|---|---|---|---|---|---|---|
| Military College of Engineering (MCE) | Military College of Engineering (MCE) | 01/29/2015 | 973.7 HEN | MCE-ECS/32.2 | 01/29/2015 | 01/29/2015 | Book |
